[Event "ECU-ch"]
[Site "Quito"]
[Date "2023.06.21"]
[Round "1"]
[White "Benitez Chiriboga, Jaime"]
[Black "Nagua Valladares, Kevin Joel"]
[Result "0-1"]
[WhiteElo "2009"]
[BlackElo "1254"]
[PlyCount "52"]
[EventDate "2023.06.21"]
[EventType "swiss"]
[EventRounds "9"]
[EventCountry "ECU"]
[SourceTitle "CBM 215 Extra"]
[Source "ChessBase"]
[SourceDate "2023.09.30"]
[SourceVersion "1"]
[SourceVersionDate "2023.09.30"]
[SourceQuality "1"]

1. e4 c5 2. Nf3 d6 3. d4 cxd4 4. Nxd4 Nf6 5. Nc3 g6 6. Be3 Bg7 7. f3 Nc6 8. Bc4 Bd7 9. Qd2 Rc8 10. Bb3 0-0 11. 0-0-0 Nxd4 12. Bxd4 b5 13. e5 dxe5 14. Bxe5 Bc6 15. Qe3 Qa5 16. Kb1 b4 17. Ne2 Ba4 18. Bxa4 Qxa4 19. Rd2 Qb5 20. Nd4 Qb6 21. Rhd1 Nd5 22. Qe1 Nc3+ 23. Ka1 Nxd1 24. Rxd1 Bxe5 25. Qxe5 Rfd8 26. Rd3 Rxc2 0-1

[Event "South America-ch U14 17th"]
[Site "Guayaquil"]
[Date "2022.01.28"]
[Round "6"]
[White "Nagua Valladares, Kevin Joel"]
[Black "Poma Jimbo, Roddy Joseph"]
[Result "1/2-1/2"]
[WhiteElo "1108"]
[BlackElo "1095"]
[PlyCount "49"]
[EventDate "2022.01.25"]
[EventType "swiss"]
[EventRounds "9"]
[EventCountry "ECU"]
[SourceTitle "CBM 206 Extra"]
[Source "ChessBase"]
[SourceDate "2022.03.31"]
[SourceVersion "1"]
[SourceVersionDate "2022.03.31"]
[SourceQuality "1"]

1. e4 g6 2. d4 c5 3. Nf3 Bg7 4. Be3 Nc6 5. c3 Qb6 6. Qb3 Qxb3 7. axb3 cxd4 8. cxd4 a6 9. Nbd2 d6 10. h3 Nf6 11. Be2 0-0 12. 0-0 Bd7 13. Rfc1 Rac8 14. Rc3 Na7 15. Rac1 Rxc3 16. bxc3 Rc8 17. c4 Nc6 18. Bd3 Ne8 19. d5 Nb4 20. Bb1 b5 21. c5 Bb2 22. c6 Bxh3 23. Rd1 Bg4 24. Bb6 Bc3 25. Rc1 1/2-1/2